[Event "DEM U12 2021"]
[Site "Willingen GER"]
[Date "2021.08.29"]
[Round "9"]
[White "Chugunov, Ivan"]
[Black "Dorendorf, Mika"]
[Result "1/2-1/2"]
[Termination "normal"]
[Board "16"]
[WhiteElo "1488"]
[BlackElo "1492"]
[WhiteClock "00:36:10"]
[BlackClock "00:49:12"]
[PlyCount "74"]
[WhiteFideId "16256808"]
[BlackFideId "16283066"]
[EventCountry "GER"]
[EventRounds "9"]
[EventType "swiss"]
[EventDate "2021.08.22"]

1. e4 {[%clk 01:30:55]} {[%emt 00:00:04]} c5 {[%clk 01:30:50]} {[%emt
00:00:11]} 2. Nf3 {[%clk 01:31:14]} {[%emt 00:00:10]} Nc6 {[%clk 01:31:18]}
{[%emt 00:00:03]} 3. d4 {[%clk 01:31:34]} {[%emt 00:00:10]} cxd4 {[%clk
01:31:47]} {[%emt 00:00:02]} 4. Nxd4 {[%clk 01:31:50]} {[%emt 00:00:14]} Nf6
{[%clk 01:32:14]} {[%emt 00:00:04]} 5. Nc3 {[%clk 01:32:05]} {[%emt 00:00:14]}
e5 {[%clk 01:32:41]} {[%emt 00:00:03]} 6. Ndb5 {[%clk 01:32:23]} {[%emt
00:00:11]} d6 {[%clk 01:33:08]} {[%emt 00:00:04]} 7. Bg5 {[%clk 01:32:36]}
{[%emt 00:00:16]} a6 {[%clk 01:33:37]} {[%emt 00:00:03]} 8. Na3 {[%clk
01:32:48]} {[%emt 00:00:17]} b5 {[%clk 01:34:06]} {[%emt 00:00:02]} 9. Nd5
{[%clk 01:33:04]} {[%emt 00:00:13]} Be7 {[%clk 01:34:32]} {[%emt 00:00:04]} 10.
Bxf6 {[%clk 01:33:22]} {[%emt 00:00:12]} Bxf6 {[%clk 01:34:58]} {[%emt
00:00:04]} 11. c3 {[%clk 01:33:38]} {[%emt 00:00:12]} O-O {[%clk 01:35:00]}
{[%emt 00:00:30]} 12. Nc2 {[%clk 01:33:53]} {[%emt 00:00:15]} Bg5 {[%clk
01:35:20]} {[%emt 00:00:10]} 13. a4 {[%clk 01:34:07]} {[%emt 00:00:16]} bxa4
{[%clk 01:35:47]} {[%emt 00:00:02]} 14. Rxa4 {[%emt 00:00:12]} a5 15. Bc4
{[%clk 01:34:40]} {[%emt 00:00:14]} Rb8 {[%clk 01:36:45]} {[%emt 00:00:04]} 16.
b3 {[%clk 01:34:38]} {[%emt 00:00:31]} Kh8 {[%clk 01:34:21]} {[%emt 00:02:54]}
17. O-O {[%clk 01:33:03]} {[%emt 00:02:04]} f5 {[%clk 01:32:26]} {[%emt
00:02:27]} 18. exf5 {[%clk 01:33:00]} {[%emt 00:00:33]} Bxf5 {[%clk 01:32:51]}
{[%emt 00:00:06]} 19. Nce3 {[%clk 01:32:15]} {[%emt 00:01:14]} Bg6 {[%clk
01:32:12]} {[%emt 00:01:09]} 20. Ra3 {[%clk 01:31:07]} {[%emt 00:01:39]} Bxe3
{[%clk 01:27:59]} {[%emt 00:04:42]} 21. Nxe3 {[%clk 01:30:37]} {[%emt
00:00:59]} Ne7 {[%clk 01:25:57]} {[%emt 00:02:33]} 22. Nd5 {[%clk 01:26:59]}
{[%emt 00:04:07]} Nxd5 {[%clk 01:24:18]} {[%emt 00:02:10]} 23. Bxd5 {[%clk
01:25:58]} {[%emt 00:01:31]} Rc8 {[%clk 01:19:47]} {[%emt 00:05:01]} 24. Qd2
{[%clk 01:24:42]} {[%emt 00:01:46]} Bf7 {[%clk 01:16:21]} {[%emt 00:03:57]} 25.
c4 {[%clk 01:22:30]} {[%emt 00:02:41]} Bxd5 {[%clk 01:16:18]} {[%emt 00:00:33]}
26. Qxd5 {[%clk 01:22:21]} {[%emt 00:00:39]} Rc5 {[%clk 01:16:15]} {[%emt
00:00:33]} 27. Qd3 {[%clk 01:21:22]} {[%emt 00:01:28]} Qb6 {[%clk 01:15:49]}
{[%emt 00:00:56]} 28. Rd1 {[%clk 01:17:02]} {[%emt 00:04:50]} Rf4 {[%clk
01:11:54]} {[%emt 00:04:25]} 29. g3 {[%clk 01:12:26]} {[%emt 00:05:06]} Rd4
{[%clk 01:09:36]} {[%emt 00:02:49]} 30. Qf3 {[%clk 01:12:25]} {[%emt 00:00:29]}
Rxd1+ {[%clk 01:09:55]} {[%emt 00:00:12]} 31. Qxd1 {[%clk 01:12:39]} {[%emt
00:00:15]} Rc8 {[%clk 01:06:51]} {[%emt 00:03:31]} 32. Qd5 {[%clk 00:59:39]}
{[%emt 00:13:33]} Rf8 {[%clk 01:02:34]} {[%emt 00:04:47]} 33. Ra2 {[%clk
00:54:16]} {[%emt 00:05:53]} Qxb3 {[%clk 01:00:18]} {[%emt 00:02:47]} 34. Rxa5
{[%clk 00:44:43]} {[%emt 00:10:02]} Qb4 {[%clk 00:57:51]} {[%emt 00:02:58]} 35.
Ra1 {[%clk 00:38:26]} {[%emt 00:06:47]} Qb6 {[%clk 00:54:41]} {[%emt 00:03:40]}
36. Rf1 {[%clk 00:37:10]} {[%emt 00:01:45]} g6 {[%clk 00:53:09]} {[%emt
00:02:03]} 37. Kg2 {[%clk 00:36:10]} {[%emt 00:01:29]} Rc8 {[%clk 00:49:12]}
{[%emt 00:04:27]} 1/2-1/2

[Event "DEM U12 2021"]
[Site "Willingen GER"]
[Date "2021.08.29"]
[Round "9"]
[White "Braun, Julian"]
[Black "Bangert, Jonas"]
[Result "1-0"]
[Termination "normal"]
[Board "17"]
[WhiteElo "1436"]
[BlackElo "1541"]
[WhiteClock "00:05:53"]
[BlackClock "00:01:45"]
[PlyCount "81"]
[WhiteFideId "16289293"]
[BlackFideId "16289650"]
[EventCountry "GER"]
[EventRounds "9"]
[EventType "swiss"]
[EventDate "2021.08.22"]

1. e4 {[%clk 01:30:59]} {[%emt 19:08:55]} c6 {[%clk 01:30:55]} {[%emt
00:00:05]} 2. Nc3 {[%clk 01:31:24]} {[%emt 00:00:05]} d5 {[%clk 01:31:10]}
{[%emt 00:00:16]} 3. Nf3 {[%clk 01:31:46]} {[%emt 00:00:07]} dxe4 {[%clk
01:30:58]} {[%emt 00:00:42]} 4. Nxe4 {[%clk 01:32:07]} {[%emt 00:00:09]} Nf6
{[%clk 01:31:23]} {[%emt 00:00:06]} 5. Qe2 {[%clk 01:31:46]} {[%emt 00:00:51]}
Nxe4 {[%clk 01:30:34]} {[%emt 00:01:18]} 6. Qxe4 {[%clk 01:32:05]} {[%emt
00:00:11]} Nd7 {[%clk 01:29:44]} {[%emt 00:01:20]} 7. Bc4 {[%clk 01:32:04]}
{[%emt 00:00:32]} Nf6 {[%clk 01:28:47]} {[%emt 00:01:27]} 8. Ne5 {[%clk
01:30:56]} {[%emt 00:01:38]} e6 {[%clk 01:23:38]} {[%emt 00:05:39]} 9. Qe2
{[%clk 01:31:08]} {[%emt 00:00:17]} Be7 {[%clk 01:21:51]} {[%emt 00:02:03]} 10.
O-O {[%clk 01:29:53]} {[%emt 00:01:59]} O-O {[%clk 01:20:48]} {[%emt 00:01:33]}
11. b3 {[%clk 01:27:05]} {[%emt 00:03:18]} Qc7 {[%clk 01:18:27]} {[%emt
00:02:53]} 12. Bb2 {[%clk 01:25:33]} {[%emt 00:02:01]} b5 {[%clk 01:12:36]}
{[%emt 00:06:20]} 13. Bd3 {[%clk 01:25:33]} {[%emt 00:00:30]} Bb7 {[%clk
01:11:30]} {[%emt 00:01:36]} 14. Rae1 {[%clk 01:20:40]} {[%emt 00:05:23]} a6
{[%clk 01:08:17]} {[%emt 00:03:43]} 15. Qe3 {[%clk 01:16:02]} {[%emt 00:05:08]}
Nd5 {[%clk 01:00:39]} {[%emt 00:08:09]} 16. Qg3 {[%clk 00:54:35]} {[%emt
00:21:56]} Bd6 {[%clk 00:50:07]} {[%emt 00:11:02]} 17. Qh4 {[%clk 00:38:56]}
{[%emt 00:16:09]} f5 {[%clk 00:46:29]} {[%emt 00:04:09]} 18. Nf3 {[%clk
00:36:49]} {[%emt 00:02:36]} Be7 {[%clk 00:40:33]} {[%emt 00:06:27]} 19. Qg3
{[%clk 00:32:06]} {[%emt 00:05:12]} Qxg3 {[%clk 00:38:26]} {[%emt 00:02:37]}
20. hxg3 {[%clk 00:32:32]} {[%emt 00:00:04]} Nb4 {[%clk 00:34:47]} {[%emt
00:04:11]} 21. Rxe6 {[%clk 00:31:14]} {[%emt 00:01:47]} Bc5 {[%clk 00:34:05]}
{[%emt 00:01:13]} 22. Be2 {[%clk 00:25:44]} {[%emt 00:05:59]} Bc8 {[%clk
00:29:55]} {[%emt 00:20:16]} 23. Re5 {[%clk 00:24:16]} Bd6 {[%clk 00:29:22]}
24. Ba3 {[%clk 00:21:36]} Bxe5 {[%clk 00:24:52]} 25. Nxe5 {[%clk 00:21:54]} Re8
26. f4 {[%clk 00:22:02]} {[%emt 00:00:07]} Nd5 {[%clk 00:16:26]} {[%emt
00:05:28]} 27. Bf3 {[%clk 00:20:11]} {[%emt 00:02:21]} Bb7 {[%clk 00:13:51]}
{[%emt 00:03:05]} 28. Bc5 {[%clk 00:17:17]} {[%emt 00:03:23]} Rad8 {[%clk
00:11:58]} {[%emt 00:02:23]} 29. d4 {[%clk 00:15:55]} {[%emt 00:01:53]} Nc3
{[%clk 00:07:33]} {[%emt 00:04:55]} 30. a3 {[%clk 00:14:28]} {[%emt 00:01:57]}
a5 {[%clk 00:06:23]} {[%emt 00:01:40]} 31. Bb6 {[%clk 00:12:14]} {[%emt
00:02:43]} Rd6 {[%clk 00:04:15]} {[%emt 00:02:38]} 32. Bxa5 {[%clk 00:11:53]}
{[%emt 00:00:51]} Ne4 {[%clk 00:04:18]} {[%emt 00:00:27]} 33. Bxe4 {[%clk
00:12:00]} {[%emt 00:00:23]} fxe4 {[%clk 00:04:41]} {[%emt 00:00:07]} 34. Bb6
{[%clk 00:12:21]} {[%emt 00:00:10]} Ra8 {[%clk 00:04:40]} {[%emt 00:00:30]} 35.
Bc5 {[%clk 00:12:41]} {[%emt 00:00:10]} Rd5 {[%clk 00:03:30]} {[%emt 00:01:41]}
36. Re1 {[%clk 00:09:44]} {[%emt 00:03:27]} Re8 {[%clk 00:02:29]} {[%emt
00:01:30]} 37. Rxe4 {[%clk 00:09:28]} {[%emt 00:00:46]} Re6 {[%clk 00:02:23]}
{[%emt 00:00:36]} 38. Re1 {[%clk 00:07:40]} {[%emt 00:02:17]} Rf6 {[%clk
00:02:19]} {[%emt 00:00:35]} 39. Nd3 {[%clk 00:06:35]} {[%emt 00:01:35]} g6
{[%clk 00:01:21]} {[%emt 00:01:28]} 40. Re8+ {[%clk 00:06:00]} {[%emt
00:01:05]} Kg7 {[%clk 00:01:45]} {[%emt 00:00:06]} 41. Ne5 {[%clk 00:05:53]}
{[%emt 00:00:37]} 1-0

[Event "DEM U12 2021"]
[Site "Willingen GER"]
[Date "2021.08.29"]
[Round "9"]
[White "Xue, Luka"]
[Black "Kullmann, Theo"]
[Result "1-0"]
[Termination "normal"]
[Board "18"]
[WhiteElo "1496"]
[BlackElo "1590"]
[WhiteClock "00:52:45"]
[BlackClock "00:52:45"]
[PlyCount "62"]
[WhiteFideId "16277252"]
[BlackFideId "16218582"]
[EventCountry "GER"]
[EventRounds "9"]
[EventType "swiss"]
[EventDate "2021.08.22"]

1. d4 {[%clk 01:30:47]} {[%emt 00:00:14]} d5 {[%clk 01:30:55]} {[%emt
00:00:05]} 2. c4 {[%clk 01:31:13]} {[%emt 00:00:04]} e6 {[%clk 01:31:21]}
{[%emt 00:00:04]} 3. Nc3 {[%clk 01:31:34]} {[%emt 00:00:09]} Nf6 {[%clk
01:31:45]} {[%emt 00:00:07]} 4. cxd5 {[%clk 01:31:47]} {[%emt 00:00:16]} exd5
{[%clk 01:32:03]} {[%emt 00:00:12]} 5. Bg5 {[%clk 01:32:03]} {[%emt 00:00:14]}
Be7 {[%clk 01:32:13]} {[%emt 00:00:20]} 6. e3 {[%clk 01:32:18]} {[%emt
00:00:14]} Bf5 {[%clk 01:32:33]} {[%emt 00:00:10]} 7. Qb3 {[%clk 01:25:59]}
{[%emt 00:06:50]} b6 {[%clk 01:10:46]} {[%emt 00:22:17]} 8. Bxf6 {[%clk
01:20:31]} {[%emt 00:05:58]} Bxf6 {[%clk 01:11:01]} {[%emt 00:00:15]} 9. Qxd5
{[%clk 01:20:13]} {[%emt 00:00:48]} Qxd5 {[%clk 01:11:19]} {[%emt 00:00:12]}
10. Nxd5 {[%clk 01:20:28]} {[%emt 00:00:15]} Kd7 {[%clk 01:10:55]} {[%emt
00:00:54]} 11. Nxf6+ {[%clk 01:20:25]} {[%emt 00:00:33]} gxf6 {[%clk 01:11:14]}
{[%emt 00:00:11]} 12. Bc4 {[%clk 01:19:58]} {[%emt 00:00:57]} Be6 {[%clk
01:11:02]} {[%emt 00:00:42]} 13. d5 {[%clk 01:17:49]} {[%emt 00:02:39]} Bf5
{[%clk 01:10:52]} {[%emt 00:00:39]} 14. Ne2 {[%clk 01:17:26]} {[%emt 00:00:54]}
Rg8 {[%clk 01:10:42]} {[%emt 00:00:38]} 15. Ng3 {[%clk 01:15:48]} {[%emt
00:02:08]} Bg6 {[%clk 01:10:14]} {[%emt 00:01:00]} 16. e4 {[%clk 01:14:33]}
{[%emt 00:01:46]} Kc8 {[%clk 01:08:28]} {[%emt 00:02:15]} 17. O-O {[%clk
01:11:49]} {[%emt 00:03:14]} h5 {[%clk 01:08:26]} {[%emt 00:00:32]} 18. f3
{[%clk 01:10:21]} {[%emt 00:01:58]} Nd7 {[%clk 01:06:58]} {[%emt 00:01:57]} 19.
b4 {[%clk 01:09:37]} {[%emt 00:01:15]} Ne5 {[%clk 01:06:01]} {[%emt 00:01:27]}
20. Ba6+ {[%clk 01:09:18]} {[%emt 00:00:49]} Kd8 {[%clk 01:05:30]} {[%emt
00:01:01]} 21. Rfd1 {[%clk 01:09:12]} {[%emt 00:00:35]} h4 {[%clk 01:04:43]}
{[%emt 00:01:18]} 22. Ne2 {[%clk 01:08:39]} {[%emt 00:01:03]} h3 {[%clk
01:03:44]} {[%emt 00:01:29]} 23. Kf2 {[%clk 01:00:18]} {[%emt 00:08:51]} hxg2
{[%clk 01:03:09]} {[%emt 00:01:05]} 24. Rg1 {[%clk 01:00:17]} {[%emt 00:00:31]}
Bh5 {[%clk 01:02:04]} {[%emt 00:01:36]} 25. Nd4 {[%clk 00:59:52]} {[%emt
00:00:54]} Ke7 {[%clk 00:58:11]} {[%emt 00:04:22]} 26. Rac1 {[%clk 00:56:43]}
{[%emt 00:03:40]} Kd8 {[%clk 00:57:56]} {[%emt 00:00:45]} 27. Nc6+ {[%clk
00:55:58]} {[%emt 00:01:16]} Nxc6 {[%emt 00:03:00]} 28. Rxc6 {[%clk 00:54:55]}
{[%emt 00:00:03]} Rg6 {[%clk 00:56:41]} {[%emt 00:00:43]} 29. Rxg2 {[%clk
00:54:57]} {[%emt 00:00:30]} Rxg2+ {[%clk 00:54:55]} {[%emt 00:02:15]} 30. Kxg2
{[%clk 00:55:07]} {[%emt 00:00:21]} Bg6 {[%clk 00:52:45]} {[%emt 00:02:39]} 31.
Rxf6 {[%clk 00:52:45]} {[%emt 00:02:52]} Ke7 {[%emt 00:00:35]} 1-0

[Event "DEM U12 2021"]
[Site "Willingen GER"]
[Date "2021.08.29"]
[Round "9"]
[White "Rödel, Jannis"]
[Black "Wolff, Calvin"]
[Result "1/2-1/2"]
[Termination "normal"]
[Board "19"]
[WhiteElo "1349"]
[BlackElo "1368"]
[WhiteClock "00:53:04"]
[BlackClock "00:29:26"]
[PlyCount "105"]
[WhiteFideId "34608834"]
[BlackFideId "16269969"]
[EventCountry "GER"]
[EventRounds "9"]
[EventType "swiss"]
[EventDate "2021.08.22"]

1. e4 {[%clk 01:30:59]} e5 {[%clk 01:30:21]} {[%emt 00:00:40]} 2. Nf3 {[%clk
01:31:25]} {[%emt 00:00:05]} Nc6 {[%clk 01:30:30]} {[%emt 00:00:20]} 3. Bc4
{[%clk 01:31:49]} {[%emt 00:00:05]} Bc5 {[%clk 01:30:01]} {[%emt 00:00:59]} 4.
c3 {[%clk 01:31:40]} {[%emt 00:00:40]} Nf6 {[%clk 01:29:38]} {[%emt 00:00:52]}
5. d3 {[%clk 01:32:04]} {[%emt 00:00:07]} d5 {[%clk 01:25:48]} {[%emt
00:04:19]} 6. exd5 {[%clk 01:31:11]} {[%emt 00:01:23]} Nxd5 {[%clk 01:26:10]}
{[%emt 00:00:08]} 7. Bb5 {[%clk 01:28:50]} {[%emt 00:02:51]} Bd7 {[%clk
01:16:46]} {[%emt 00:09:54]} 8. Bxc6 {[%clk 01:28:54]} {[%emt 00:00:27]} Bxc6
{[%clk 01:17:06]} {[%emt 00:00:09]} 9. Nxe5 {[%clk 01:29:19]} {[%emt 00:00:05]}
Bd7 {[%clk 01:12:09]} {[%emt 00:05:27]} 10. d4 {[%clk 01:25:29]} {[%emt
00:04:21]} Bd6 {[%clk 01:10:43]} {[%emt 00:01:56]} 11. Nxd7 {[%clk 01:24:44]}
{[%emt 00:01:14]} Qxd7 {[%clk 01:11:02]} {[%emt 00:00:12]} 12. O-O {[%clk
01:25:07]} {[%emt 00:00:07]} O-O-O {[%clk 01:09:42]} {[%emt 00:01:49]} 13. c4
{[%clk 01:24:40]} {[%emt 00:00:58]} Nf6 {[%clk 01:09:44]} {[%emt 00:00:27]} 14.
c5 {[%clk 01:24:51]} {[%emt 00:00:20]} Be7 {[%clk 01:10:07]} {[%emt 00:00:06]}
15. b4 {[%clk 01:24:10]} {[%emt 00:01:12]} Qxd4 {[%clk 01:07:21]} {[%emt
00:03:16]} 16. Qxd4 {[%clk 01:24:34]} {[%emt 00:00:06]} Rxd4 {[%clk 01:07:29]}
{[%emt 00:00:22]} 17. a3 {[%clk 01:24:28]} {[%emt 00:00:36]} Rhd8 {[%clk
01:03:33]} {[%emt 00:04:24]} 18. Be3 {[%clk 01:21:48]} {[%emt 00:03:11]} Rd3
{[%clk 00:59:56]} {[%emt 00:04:08]} 19. Ra2 {[%clk 01:22:00]} {[%emt 00:00:18]}
Nd5 {[%clk 00:59:48]} {[%emt 00:00:38]} 20. Bc1 {[%clk 01:18:42]} {[%emt
00:03:48]} Nc3 {[%clk 00:55:00]} {[%emt 00:05:18]} 21. Nxc3 {[%clk 01:17:21]}
{[%emt 00:01:51]} Rxc3 {[%clk 00:55:23]} {[%emt 00:00:07]} 22. Re2 {[%clk
01:14:59]} {[%emt 00:02:52]} Rd7 {[%clk 00:52:36]} {[%emt 00:03:17]} 23. Bb2
{[%clk 01:12:27]} {[%emt 00:03:02]} Rb3 {[%clk 00:52:40]} {[%emt 00:00:26]} 24.
Rfe1 {[%clk 01:11:51]} {[%emt 00:01:06]} Bg5 {[%clk 00:47:33]} {[%emt
00:05:30]} 25. g3 {[%clk 01:06:25]} {[%emt 00:06:03]} Bd2 {[%clk 00:42:26]}
{[%emt 00:05:37]} 26. Rb1 {[%clk 01:03:54]} {[%emt 00:03:01]} Bc3 {[%clk
00:39:16]} {[%emt 00:03:40]} 27. Rc2 {[%clk 01:00:12]} {[%emt 00:04:12]} Rd2
{[%clk 00:37:45]} {[%emt 00:02:01]} 28. Rxc3 {[%clk 00:59:40]} {[%emt
00:01:01]} Rbxb2 {[%clk 00:38:06]} {[%emt 00:00:10]} 29. Rxb2 {[%clk 00:59:31]}
{[%emt 00:00:38]} Rxb2 {[%clk 00:38:10]} {[%emt 00:00:27]} 30. Rf3 {[%clk
00:59:50]} {[%emt 00:00:11]} f6 {[%clk 00:38:32]} {[%emt 00:00:07]} 31. Kg2
{[%clk 00:59:39]} {[%emt 00:00:41]} Re2 {[%clk 00:38:39]} {[%emt 00:00:24]} 32.
Rd3 {[%clk 00:59:53]} {[%emt 00:00:16]} c6 {[%clk 00:38:02]} {[%emt 00:01:08]}
33. Kf3 {[%clk 01:00:08]} {[%emt 00:00:14]} Re5 {[%clk 00:37:23]} {[%emt
00:01:08]} 34. Rd4 {[%clk 00:57:35]} {[%emt 00:03:03]} b6 {[%clk 00:34:52]}
{[%emt 00:03:02]} 35. cxb6 {[%clk 00:57:27]} {[%emt 00:00:38]} axb6 {[%clk
00:35:11]} {[%emt 00:00:11]} 36. Rg4 {[%clk 00:56:54]} {[%emt 00:01:03]} g6
{[%clk 00:33:51]} {[%emt 00:01:49]} 37. Rf4 {[%clk 00:56:21]} {[%emt 00:01:03]}
f5 {[%clk 00:32:46]} {[%emt 00:01:36]} 38. Rh4 {[%clk 00:56:19]} {[%emt
00:00:32]} h5 {[%clk 00:32:29]} {[%emt 00:00:47]} 39. Kf4 {[%clk 00:56:19]}
{[%emt 00:00:29]} Rd5 {[%clk 00:32:11]} {[%emt 00:00:48]} 40. Kg5 {[%clk
00:56:29]} {[%emt 00:00:20]} Rd6 {[%clk 00:31:12]} {[%emt 00:01:30]} 41. h3
{[%clk 00:56:04]} {[%emt 00:00:55]} c5 {[%clk 00:28:54]} {[%emt 00:02:49]} 42.
g4 {[%clk 00:55:12]} {[%emt 00:01:20]} fxg4 {[%clk 00:28:41]} {[%emt 00:00:43]}
43. hxg4 {[%clk 00:55:34]} {[%emt 00:00:09]} cxb4 {[%clk 00:28:18]} {[%emt
00:00:53]} 44. axb4 {[%clk 00:55:55]} {[%emt 00:00:09]} Rd8 {[%clk 00:28:02]}
{[%emt 00:00:45]} 45. gxh5 {[%clk 00:55:07]} {[%emt 00:01:18]} gxh5 {[%clk
00:28:19]} {[%emt 00:00:15]} 46. Rxh5 {[%clk 00:54:51]} {[%emt 00:00:45]} Rd5+
{[%clk 00:28:27]} {[%emt 00:00:22]} 47. Kg6 {[%clk 00:55:07]} {[%emt 00:00:14]}
Rd6+ {[%clk 00:28:05]} {[%emt 00:00:52]} 48. Kf7 {[%clk 00:54:51]} {[%emt
00:00:45]} Rd4 {[%clk 00:28:28]} {[%emt 00:00:07]} 49. b5 {[%clk 00:55:01]}
{[%emt 00:00:21]} Rf4+ {[%clk 00:28:47]} {[%emt 00:00:11]} 50. Ke6 {[%clk
00:54:13]} {[%emt 00:16:40]} Rxf2 {[%clk 00:29:07]} 51. Kd6 {[%clk 00:54:42]}
Rf6+ {[%clk 00:29:14]} 52. Ke5 {[%clk 00:54:33]} Rf1 {[%clk 00:29:26]} 53. Rg5
{[%clk 00:53:04]} 1/2-1/2